00899 2200313 4500001002100000005001700021008004100038020001800079035002500097040001200122082001000134090002000144100002600164245012700190250001100317260003100328300001900359650001000378700002200388700002700410850001200437990002200449990001800471990001800489990002100507990001800528990001800546990002100564YOGYA-0209000004502220150311155535.0 ind  a979-21-1251-0 a0010-020900000045022 aYOPDYOG a808.8 aDEP 808.8 Yog R aYOGANANDA, Paramhansa aRubaiyat Omar Khayyambsyair & tafsircParamhansa Yogananda ; editor, Donald J Walters ; penerjemah, Gabriel Fajar Sasmita aCet. 1 aYogyakartabKanisiusc2005 a452 hlmc21 cm aSyair aWalters, Donald J aSasmita, Gabriel Fajar aYOPDYOG a2005-819h CB-D.11 a47704-PD/B.09 a47705-PD/B.09 aCB-D.11/2005-819 a47705-PD/B.09 a47704-PD/B.09 aCB-D.11/2005-819